From Lenin to Khrushchev: (Record no. 13225)
[ view plain ]
| 000 -LEADER | |
|---|---|
| fixed length control field | 00811cam a2200229u 4500 |
| 001 - CONTROL NUMBER | |
| control field | 7488865 |
| 005 - DATE AND TIME OF LATEST TRANSACTION | |
| control field | 20071005094312.0 |
| 008 - FIXED-LENGTH DATA ELEMENTS--GENERAL INFORMATION | |
| fixed length control field | 830111s1960 nyu |r 001 0 eng d |
| 010 ## - LIBRARY OF CONGRESS CONTROL NUMBER | |
| LC control number | 60006999 |
| 040 ## - CATALOGING SOURCE | |
| Original cataloging agency | DLC |
| Transcribing agency | CarP |
| Modifying agency | DLC |
| 050 00 - LIBRARY OF CONGRESS CALL NUMBER | |
| Classification number | HX40 |
| Item number | .S39 |
| 082 ## - DEWEY DECIMAL CLASSIFICATION NUMBER | |
| Edition number | 22 |
| Classification number | 335.43 |
| Item number | SET |
| 100 1# - MAIN ENTRY--PERSONAL NAME | |
| Personal name | Seton-Watson, Hugh. |
| 9 (RLIN) | 10734 |
| 245 10 - TITLE STATEMENT | |
| Title | From Lenin to Khrushchev: |
| Remainder of title | The History of World Communism/ |
| Statement of responsibility, etc | by Hugh seton-Watson |
| 260 ## - PUBLICATION, DISTRIBUTION, ETC. (IMPRINT) | |
| Place of publication, distribution, etc | New York: |
| Name of publisher, distributor, etc | Praeger, 1960 |
| Date of publication, distribution, etc | 1960 |
| 300 ## - PHYSICAL DESCRIPTION | |
| Extent | 432 p.; |
| Dimensions | 22 cm. |
| 500 ## - GENERAL NOTE | |
| General note | Donated by: Alaa Abdel Ghany |
| 504 ## - BIBLIOGRAPHY, ETC. NOTE | |
| Bibliography, etc | Includes bibliographical references and indexes |
| 650 #0 - SUBJECT ADDED ENTRY--TOPICAL TERM | |
| Topical term or geographic name as entry element | Communism |
| General subdivision | History. |
| 9 (RLIN) | 10735 |
| 942 ## - ADDED ENTRY ELEMENTS (KOHA) | |
| Source of classification or shelving scheme | Dewey Decimal Classification |
| Item type | Book - Borrowing |
| Withdrawn status | Item status | Source of classification or shelving scheme | Damaged status | Not for loan | Vendor | Home library | Current library | Shelving location | Date acquired | Source of acquisition | Total Checkouts | Full call number | Barcode | Date last seen | Date last borrowed | Koha item type |
|---|---|---|---|---|---|---|---|---|---|---|---|---|---|---|---|---|
| Dewey Decimal Classification | Central Library | Central Library | First floor | 31/01/2010 | Donation | 1 | 335.43 SET | 000019479 | 15/07/2025 | 30/10/2019 | Book - Borrowing |